000 00475nam a2200169Ia 4500
008 190423s9999 xx 000 0 und d
100 _aGorvett, Zaria
245 _aWhat to do in a disaster/
245 _cZaria Gorvett
260 _bReader's Digest Asia
260 _c2019
300 _aPages 100-105, February 2019
440 _aAsia Reader's Digest: The Power of fake pills
_v115:672
650 _aDisaster
650 _aDisaster preparedness
650 _aSurvival
999 _c361508
_d361508